Αξιολόγηση προσωπικού και αξιολόγηση επιχειρηματικών δανείων : πτυχιακή εργασία
Αποθηκεύτηκε σε:
| Κύριος συγγραφέας: | |
|---|---|
| Συγγραφή απο Οργανισμό/Αρχή: | |
| Άλλοι συγγραφείς: | |
| Μορφή: | Thesis Βιβλίο |
| Γλώσσα: | Greek |
| Δημοσίευση: |
2003
|
| Θέματα: | |
| Ετικέτες: |
Προσθήκη ετικέτας
Δεν υπάρχουν, Καταχωρήστε ετικέτα πρώτοι!
|
MARC
| LEADER | 00000cam a2200000 i 4500 | ||
|---|---|---|---|
| 001 | 1/45120 | ||
| 008 | 031119s2003 gre d | ||
| 035 | |l 10071670 | ||
| 040 | |a GR-MY-UA |b gre |e aacr | ||
| 041 | 0 | |a gre | |
| 082 | 0 | |a 658.314 |2 (22) | |
| 100 | 1 | |a Ευδοξιάδης, Γεώργιος. | |
| 245 | 1 | 0 | |a Αξιολόγηση προσωπικού και αξιολόγηση επιχειρηματικών δανείων : |b πτυχιακή εργασία / |c Ευδοξιάδης Γεώργιος ; επιβλέπων: Γεώργιος Δούνιας |
| 260 | |c 2003 | ||
| 300 | |a 101 σ.; |b διαγρ., πιν.; |c 30 εκ. | ||
| 502 | |a Πτυχιακή εργασία – Πανεπιστήμιο Αιγαίου, Χίος, 2003. | ||
| 504 | |a Περιλαμβάνει βιβλιογραφία | ||
| 610 | 2 | 0 | |a Πανεπιστήμιο Αιγαίου. |
| 650 | 0 | 0 | |a Personnel management. |
| 650 | 0 | 0 | |a Commercial loans. |
| 650 | 0 | 0 | |a Dissertations, Academic |z Greece. |
| 700 | 1 | |4 ths |a Δούνιας, Γεώργιος Δ. | |
| 710 | 1 | |a Πανεπιστήμιο Αιγαίου |b Σχολή Επιστημών της Διοίκησης |b Τμήμα Διοίκησης Επιχειρήσεων - Τ.Δ.Ε. | |
| 852 | |a INST |b CHIOS |c DIATR |e 20031119 |h 658.314 ΕΥΔ |p 005200012890 |q 005200012890 |t DIE |y 23 | ||
| 852 | |a INST |b CHIOS |c DIATR |e 20031119 |h 658.314 ΕΥΔ |p 005200012891 |q 005200012891 |t DIE |y 23 | ||
| 901 | |a BIBL2-2003-3 | ||
| 909 | |a Χ |b 106655 | ||
| 909 | |a Χ |b 106656 | ||
| 924 | |a Ευδοξιάδης |b Γεώργιος |y Χίος |z 2003-11 | ||
| 970 | |a Βασιλάκη |b Νίκη |z 2003/11/19 | ||